000 00697nam a22002417a 4500
999 _c68862
_d68859
003 PK-NaQUE
005 20250619145343.0
008 250619b ||||| |||| 00| 0 eng d
020 _a9788131204542
040 _cQUEST
082 _a660BAC
100 _aBackhurst, J R.
245 _aCoulson and Richardson's Chemical Engineering : solutions to the problems in volumes 2 & 3
250 _aVol : II & III
260 _aNew Delhi:
_bElsevier,
_c2014
300 _a340p.
650 _aChemical engineering
700 _aHarker, J H.
700 _aRichardson, J.F.
700 _aCoulson, J M
856 _uhttp://10.10.170.122:8080/browse/book/27604
_yDownload eBook
942 _cBK
_2ddc